Clip Ninho - Statistiques

Statistiques générales
  • Ce quiz a été pris 204 fois
  • Le résultat moyen est 11 sur 26
Statistiques - réponses
Par images Réponse % Correct
Goutte d'Eau
79%
Air Max
78%
Lettre à Une Femme
78%
6.3
77%
Tout en Gucci
77%
Maman Ne Le Sait Pas
75%
Jefe
58%
Méchant
53%
Problèmes du Matin
47%
N.I.
46%
Macaroni
45%
Millions
45%
Fendi
41%
Prêt à Partir
38%
Paris C'est Magique
34%
Grand Bain
32%
25 G
30%
Putana
30%
Pour Nous
29%
Moto
27%
La Marseillaise
26%
Blue Story
25%
Chino
23%
A Kinshasa
7%
VVS
5%
Gros Vendeurs
1%
Aucun quiz correspondant
Distribution des résultats
% des personnes avec chaque résultat
Percentile par nombre de réponses
Votre historique - résultats
Vous n’avez pas pris ce quiz